| 000 | 02926cam a22005174a 4500 | ||
|---|---|---|---|
| 001 | muse78518 | ||
| 003 | MdBmJHUP | ||
| 005 | 20210127151431.0 | ||
| 006 | m o d | ||
| 007 | cr||||||||nn|n | ||
| 008 | 190926t20191976mdu o 00 0 eng d | ||
| 020 | _a9781421436166 | ||
| 020 | _z1421436140 | ||
| 020 | _z9781421436142 | ||
| 020 | _z1421436167 | ||
| 020 | _z9781421436159 | ||
| 035 | _a(OCoLC)1127768628 | ||
| 040 |
_aMdBmJHUP _cMdBmJHUP |
||
| 050 | 0 | 4 |
_aBH301.S7 _bW44 1976 |
| 100 | 1 | _aWeiskel, Thomas. | |
| 245 | 1 | 4 |
_aThe Romantic Sublime _bStudies in the Structure and Psychology of Transcendence / _cThomas Weiskel. |
| 300 | _a1 online resource (1 online resource xi, 220 pages) | ||
| 500 | _aOpen access edition supported by the National Endowment for the Humanities / Andrew W. Mellon Foundation Humanities Open Book Program. | ||
| 500 | _aThe text of this book is licensed under a Creative Commons Attribution-NonCommercial-No derivatives 4.0 International License | ||
| 500 | _aOriginally published as Johns Hopkins Press in 1976 | ||
| 504 | _aIncludes bibliographical references and index. | ||
| 505 | 0 | _apt. 1. The sublime moment -- Approaching the romantic sublime -- The ethos of alienation : two versions of transcendence -- Darkning man : Blake's critique of transcendence -- pt. 2. The psychology of the sublime -- The logic of terror -- The sublime as romance : two texts from Collins -- Absence and identity in the egotistical sublime -- pt. 3. The liminal sublime -- Wordsworth and the defile of the word. | |
| 506 | 0 |
_aOpen Access _fUnrestricted online access _2star |
|
| 520 | _aThomas Weiskel investigates the concept of the sublime in the poetry of English Romantic writers. His work infuses elements of structuralism and psychological thought in his attempt to describe and demystify the sublime experience or, in his words, to "desublimate the sublime." In doing so, he demonstrates that the sublime is largely mystified, and he contrasts those with faith in the awesomeness of sublimation and those who remain skeptical of the sublime's mystifying power. In working to demystify the sublime, Weiskel emphasizes the task of intelligence by assigning morality and intellect the value of mistrust in sublimation. | ||
| 588 | _aDescription based on print version record. | ||
| 650 | 0 | _aSublime. | |
| 650 | 0 | _aTranscendence [Philosophy]. | |
| 650 | 0 | _aRomanticism. | |
| 650 | 0 | _aRomanticism. | |
| 650 | 0 | _aTranscendence (Philosophy) | |
| 650 | 0 | _aSublime, The. | |
| 655 | 0 |
_aElectronic books. _2lcgft |
|
| 655 | 7 |
_aElectronic books. _2local |
|
| 710 | 2 | _aProject Muse. | |
| 710 | 2 |
_aProject Muse. _edistributor |
|
| 830 | 0 | _aBook collections on Project MUSE. | |
| 856 | 4 | 0 |
_zFull text available: _uhttps://muse.jhu.edu/book/70841/ |
| 999 |
_c25757 _d25757 |
||